000 00358nam a22001337a 4500
020 _a07-037065-6
082 _a030.5 NEW
100 _aGRAND, RUPERT LE,COLVIN, FRED H
_979116
245 _aTHE NEW AMERICAN MACHINST'S HANDBOOK
260 _aNEW YORK
_bMCGRAW HILL
_c1955
300 _aV,1009P
650 _aAMERICAN MACHINST'S HANDBOOK
_979117
942 _cBK
999 _c584181
_d584181